000 00748nam a2200145Ia 4500
008 171212s9999 xx 000 0 und d
020 _a9781925021967
100 _aDawson, Barbara
245 _cDawson, Barbara
_aIn the Eye of the Beholder
_bWhat Six Nineteenth-century Women Tell Us About Indigenous Authority and Identity
260 _bANU E Press
_c2014
440 _aAboriginal History Monographs
650 _aHistory
650 _aWomen pioneers -- Australia -- Attitudes; Intercultural communication -- Australia -- 19th century; Aboriginal Australians -- Public opinion -- History; Aboriginal Australians, Treatment of -- Australia -- History -- 1788-1900; Australia -- Race relations
856 _uhttp://www.jstor.org/stable/j.ctt13wwvt9
999 _c351150
_d351150